<L'> Année politique économique et sociale 1992

Guardado en:
Detalles Bibliográficos
Formato: Libro
Lenguaje:francés
Publicado: Paris Éditions Evenements et Tendances 1993
Materias:
Etiquetas: Agregar Etiqueta
Sin Etiquetas, Sea el primero en etiquetar este registro!

MARC

LEADER 00000nam a2200000 4500
001 c131164
005 20221123112151.0
020 |a 2-9507444-0-0 
022 |a 0764-8138 
041 0 |a fre 
044 |a FR 
245 1 0 |a <L'> Année politique économique et sociale 1992 
264 1 |a Paris  |b Éditions Evenements et Tendances  |c 1993 
300 |a 654 s. 
610 2 0 |a politika 
610 2 0 |a regióny 
610 2 0 |a údaje štatistické 
610 2 0 |a situácia hospodárska 
610 2 0 |a vláda 
610 2 0 |a spolupráca medzinárodná 
610 2 0 |a Francúzsko 
610 2 0 |a politika medzinárodná 
610 2 0 |a vývoj menový 
610 2 0 |a priemysel 
610 2 0 |a poľnohospodárstvo